[Event "Rio de Janeiro De Souza Memorial 1st"]
[Site "Rio de Janeiro"]
[Date "2017.09.26"]
[Round "5"]
[White "Da Costa, Carlos Henrique Luz"]
[Black "Cruz, Jose Carlos Arruda"]
[Result "0-1"]
[WhiteElo "1688"]
[BlackElo "1879"]
[PlyCount "112"]
[EventDate "2017.08.29"]
[EventType "swiss"]
[EventRounds "6"]
[EventCountry "BRA"]
[SourceTitle "CBM 189 Extra"]
[Source "ChessBase"]
[SourceDate "2019.06.03"]
[SourceVersion "1"]
[SourceVersionDate "2019.06.03"]
[SourceQuality "1"]

1. Nf3 Nc6 2. d4 d5 3. Bf4 Nf6 4. e3 e6 5. c4 Bd6 6. Bxd6 cxd6 7. Nc3 dxc4 8. Bxc4 d5 9. Be2 0-0 10. 0-0 Ne4 11. Rc1 a6 12. Nd2 Nd6 13. a3 Bd7 14. Nb3 b6 15. Bd3 f5 16. Ne2 g5 17. Nd2 Ne7 18. f4 g4 19. g3 Ng6 20. Rc2 b5 21. Nb3 Nc4 22. Qc1 h5 23. Nc5 Bc8 24. b3 Nd6 25. Qb2 Rf7 26. Nc3 Ne7 27. a4 b4 28. Ne2 a5 29. Rfc1 Ne4 30. Bb5 Kg7 31. Nxe4 fxe4 32. Rc7 Nf5 33. Qc2 Nxe3 34. Rxf7+ Kxf7 35. Qc7+ Qxc7 36. Rxc7+ Kf6 37. Rh7 Ba6 38. Rxh5 Bxb5 39. axb5 Rb8 40. b6 Rxb6 41. f5 Nxf5 42. Rh8 Ra6 43. Kf2 a4 44. bxa4 Rxa4 45. Rb8 e3+ 46. Kg2 Ra2 47. Kf1 Ra1+ 48. Kg2 Rb1 49. h3 Rb2 50. Kf1 gxh3 51. Rc8 b3 52. g4 h2 53. Rh8 h1Q+ 54. Rxh1 Rb1+ 55. Kg2 Rxh1 56. Kxh1 Nxd4 0-1

[Event "Rio de Janeiro Regional"]
[Site "Rio de Janeiro"]
[Date "2012.10.26"]
[Round "1"]
[White "Cruz, Jose Carlos Arruda"]
[Black "Deus Filho, Joaquim"]
[Result "0-1"]
[WhiteElo "1800"]
[BlackElo "2068"]
[PlyCount "169"]
[EventDate "2012.10.26"]
[EventType "swiss"]
[EventRounds "6"]
[EventCountry "BRA"]
[SourceTitle "EXT 2013"]
[Source "ChessBase"]
[SourceDate "2012.11.22"]
[SourceVersion "1"]
[SourceVersionDate "2012.11.22"]
[SourceQuality "1"]

1. e4 b6 2. Nc3 Bb7 3. d4 e6 4. Bd3 f5 5. f3 fxe4 6. fxe4 Bb4 7. Nf3 Nf6 8. Bg5 h6 9. Bxf6 Qxf6 10. 0-0 0-0 11. Ne5 Qg5 12. Rxf8+ Bxf8 13. Qe2 d6 14. Nf3 Qh5 15. d5 e5 16. Rf1 a6 17. Qf2 Nd7 18. b4 Be7 19. Ne2 Qf7 20. Qg3 Rf8 21. c4 Qh5 22. Qe1 Qe8 23. Ng3 g6 24. Qe3 Kg7 25. h3 Bc8 26. Nh2 Bg5 27. Qe2 Rxf1+ 28. Ngxf1 Qf7 29. Qf3 Qf4 30. Qd1 h5 31. g3 Qc1 32. Qe2 Nf6 33. Kg2 Bd7 34. Nf3 Bh6 35. Qc2 Qa3 36. Qb3 Qc1 37. Qc2 Qa1 38. c5 bxc5 39. bxc5 a5 40. c6 Be8 41. N1d2 Bxd2 42. Qxd2 a4 43. Ng5 Bf7 44. Bc4 Qb1 45. Bd3 Qb6 46. Qc2 Qe3 47. Nf3 Nh7 48. Qe2 Qc1 49. Qc2 Qe3 50. Qe2 Qb6 51. Qf2 Qb4 52. Qe2 Qa3 53. Bb1 Kf6 54. Qd3 Qb4 55. a3 Qb2+ 56. Bc2 g5 57. Nd2 g4 58. h4 Bg6 59. Nc4 Qb8 60. Bxa4 Kg7 61. Bc2 Nf6 62. Nd2 Qb2 63. a4 Nxd5 64. Nc4 Qa2 65. Nxd6 Qxc2+ 66. Qxc2 Ne3+ 67. Kf2 Nxc2 68. Nb5 Bxe4 69. Nxc7 Bxc6 70. a5 Nd4 71. a6 Nb5 72. Ne6+ Kf6 73. Nc5 Ke7 74. Ke3 Kd6 75. Nd3 Na7 76. Nb4 Ba8 77. Kd3 Nc6 78. Nc2 Ke6 79. Ke3 Kd5 80. Na3 Nb4 81. a7 Kc5 82. Ke2 Nc6 83. Nc2 Nxa7 84. Ne1 Be4 85. Ke3 0-1

[Event "Rio de Janeiro Fexerj op"]
[Site "Rio de Janeiro"]
[Date "2012.08.26"]
[Round "4"]
[White "Cardoso, Marcio de Lucca"]
[Black "Cruz, Jose Carlos Arruda"]
[Result "0-1"]
[WhiteElo "1734"]
[BlackElo "1897"]
[PlyCount "140"]
[EventDate "2012.08.25"]
[EventType "swiss"]
[EventRounds "7"]
[EventCountry "BRA"]
[SourceTitle "CBM 150 Extra"]
[Source "ChessBase"]
[SourceDate "2012.10.19"]
[SourceVersion "1"]
[SourceVersionDate "2012.10.19"]
[SourceQuality "1"]

1. e4 e5 2. Nf3 Nc6 3. Bb5 Bc5 4. 0-0 Nge7 5. c3 0-0 6. d4 exd4 7. cxd4 Bb6 8. Bg5 a6 9. Ba4 f6 10. Bh4 Ng6 11. Bg3 d6 12. Qd3 Kh8 13. Nbd2 Bd7 14. a3 Ba7 15. Rfe1 b5 16. Bc2 Nce7 17. b4 Be6 18. Qc3 Rc8 19. Rad1 c5 20. dxc5 dxc5 21. Nb3 cxb4 22. Rxd8 Rxc3 23. Rxf8+ Nxf8 24. Nbd4 b3 25. Bb1 b2 26. Nc2 Bb3 27. Re2 Bc4 28. Rd2 Rd3 29. Bf4 Ne6 30. Be3 Bc5 31. Nb4 Rxd2 32. Bxd2 a5 33. Nc2 Nc6 34. Bc3 Bd3 35. Bxb2 Bxe4 36. Nfe1 f5 37. Kf1 b4 38. Ba2 Ned4 39. Nxd4 Nxd4 40. Bxd4 Bxd4 41. axb4 axb4 42. f3 Bc6 43. Nc2 Bb5+ 44. Ke1 Bc3+ 45. Kf2 f4 46. Bb3 g5 47. g3 Kg7 48. Ne1 Bd4+ 49. Kg2 Kf6 50. Nc2 Bc3 51. Kf2 Ke5 52. Ne1 Bd4+ 53. Kg2 Be3 54. Nc2 Bd2 55. Kf2 h6 56. Kg2 Bd3 57. Kh3 h5 58. Kg2 Bxc2 59. Bxc2 Kd4 60. h4 gxh4 61. g4 hxg4 62. fxg4 Ke5 63. Kh3 f3 64. Kxh4 f2 65. Bd3 Kd4 66. Be2 b3 67. Kg3 b2 68. Kxf2 b1Q 69. Bf3 Qe1+ 70. Kg2 Bg5 0-1

[Event "Rio de Janeiro Fexerj op"]
[Site "Rio de Janeiro"]
[Date "2012.08.25"]
[Round "2"]
[White "Rangel, Daniel"]
[Black "Cruz, Jose Carlos Arruda"]
[Result "1-0"]
[WhiteElo "2093"]
[BlackElo "1897"]
[PlyCount "97"]
[EventDate "2012.08.25"]
[EventType "swiss"]
[EventRounds "7"]
[EventCountry "BRA"]
[SourceTitle "CBM 150 Extra"]
[Source "ChessBase"]
[SourceDate "2012.10.19"]
[SourceVersion "1"]
[SourceVersionDate "2012.10.19"]
[SourceQuality "1"]

1. e4 e5 2. d4 d6 3. Nf3 Nc6 4. d5 Nce7 5. c4 Nf6 6. Nc3 a6 7. Be2 g6 8. 0-0 Bg7 9. b4 0-0 10. a4 b6 11. Ba3 Bb7 12. c5 Nh5 13. Nd2 Nf4 14. cxb6 cxb6 15. b5 a5 16. Nc4 Nc8 17. Bf3 Qc7 18. Qb3 Rd8 19. Ne2 Qd7 20. Nxf4 exf4 21. Bb2 f6 22. Bd4 f5 23. Nxb6 Nxb6 24. Bxb6 Re8 25. Rae1 Be5 26. Qd3 Bc8 27. Bd4 Qb7 28. Bxe5 Rxe5 29. exf5 Bxf5 30. Qd2 Qf7 31. Qxf4 Qf6 32. Rxe5 Qxe5 33. Qxe5 dxe5 34. Rc1 Bd3 35. h4 e4 36. Bg4 Kf8 37. b6 Ke7 38. Rc7+ Kd6 39. Rxh7 Rb8 40. Rd7+ Kc5 41. b7 Ba6 42. Rc7+ Kxd5 43. Bc8 Bd3 44. g4 Kd6 45. Rg7 Ke5 46. Rxg6 e3 47. Re6+ Kd5 48. Rxe3 Ba6 49. Re7 1-0